Central Library OPAC University of Rajshahi

Space communications / (Record no. 15172)

MARC details
000 -LEADER
fixed length control field 00931cam a22002652 4500
001 - CONTROL NUMBER
control field 15172
003 - CONTROL NUMBER IDENTIFIER
rucl marc code BD-RjUL
005 - DATE AND TIME OF LATEST TRANSACTION
control field 20211208235749.0
008 - FIXED-LENGTH DATA ELEMENTS--GENERAL INFORMATION
fixed length control field 140209s1963 nyua b 001 0 eng d
035 ## - SYSTEM CONTROL NUMBER
System control number (BD-RjUL)15226
-- OCLC ocm02147580 from D971117M
040 ## - CATALOGING SOURCE
Original cataloging agency DLC
Transcribing agency GAS
Modifying agency SER
-- UKM
-- EQO
-- BD-RjUL
Language of cataloging eng
041 ## - LANGUAGE CODE
Language code of text/sound track or separate title eng
082 00 - DEWEY DECIMAL CLASSIFICATION NUMBER
Classification number 629.437
Author mark and year SPA 1963
100 1# - MAIN ENTRY--PERSONAL NAME
Personal name Balakrishnan, A. V.
9 (RLIN) 40690
245 10 - TITLE STATEMENT
Title Space communications /
Statement of responsibility, etc. by E. Rechtin and others.
260 ## - PUBLICATION, DISTRIBUTION, ETC. (IMPRINT)
Place of publication, distribution, etc. New York :
Name of publisher, distributor, etc. McGraw-Hill,
Date of publication, distribution, etc. 1963.
300 ## - PHYSICAL DESCRIPTION
Pagination ix, 422 p. :
Illustrations ill.;
Size 24 cm.
490 1# - SERIES STATEMENT
Series statement University of California engineering and sciences extension series
504 ## - BIBLIOGRAPHY, ETC. NOTE
Bibliography, etc Includes bibliographical references and index.
650 #0 - SUBJECT ADDED ENTRY--TOPICAL TERM
Topical term or geographic name as entry element Astronautics
General subdivision Communication systems.
9 (RLIN) 47208
700 1# - ADDED ENTRY--PERSONAL NAME
Personal name Rechtin, E.
830 #0 - SERIES ADDED ENTRY--UNIFORM TITLE
Uniform title University of California engineering and sciences extension series
942 ## - ADDED ENTRY ELEMENTS (KOHA)
Source of classification or shelving scheme Dewey Decimal Classification
Koha item type Books
Holdings
Lost status Source of classification or shelving scheme Damaged status Not for loan Collection code Permanent Location Current Location Shelving location Date acquired Source of acquisition Cost, normal purchase price Total Checkouts Full call number Date last seen Copy number Koha item type
  Dewey Decimal Classification     Non-fiction Central Library, University of Rajshahi Central Library, University of Rajshahi   30/03/1967 Book centre 72.50   629.437 SPA 1963 09/02/2014 C-2 Books
  Dewey Decimal Classification   Not For Loan Non-fiction Central Library, University of Rajshahi Central Library, University of Rajshahi Reading Room 14/07/1964 Zeetlinger 116.00   629.437 SPA 1963 30/05/2017 C-1 Books